| 000 | 01389nam a2200241 a 4500 | ||
|---|---|---|---|
| 003 | AM-YEHGA | ||
| 005 | 20250617164510.0 | ||
| 008 | 220210s1962 ru |||||r|||||000|0|rus|| | ||
| 040 | _aAM-YeHGA | ||
| 041 | 0 | _arus | |
| 245 | 0 | 0 |
_aУказания по расчетам экономической эффективности внедрения механизации и автоматизации в строительстве / _c[Сост.: канд. техн. наук С.Е. Канторер] ; Акад. строительства и архитектуры СССР ; Науч.-исслед. ин-т экономики строительства. |
| 260 |
_aМосква : _bГосстройиздат, _c1962. |
||
| 300 |
_a134 c. ; _c21 см. |
||
| 650 | 1 | 4 | _aСтроительные машины |
| 653 | 0 | _aСтроительные работы - Автоматизация - Эффективность | |
| 653 | 0 | _aСтроительные работы - Механизация - Эффективность | |
| 700 | 1 |
_aКанторер, Соломон Евсеевич _eсост. _4com |
|
| 710 | 2 | _aАкадемия строительства и архитектуры СССР | |
| 710 | 2 | _aНаучно-исследовательский институт экономики строительства | |
| 942 |
_2udc _cBK |
||
| 001 | 1817919 | ||
| 090 | _c532490 | ||
| 999 |
_c525284 _d525284 |
||